00696nam a2200193Ia 450000500170000000800410001702000180005804000180007604100080009408200210010210000230012324501220014625000120026826000390028030000250031965000560034465000490040065000530044920230215122118.0210716s2012 xx 000 0 und d a9788131727591 cAIMIT LIBRARY aeng a004.65 22bSUBM aSubramanian, Mani. aNetwork management: bPrinciples and practice /cBy Mani Subramanian ;Contributions by Timothy A Gonsalves and N Usha a2nd ed. aNew DelhibPearson Educationc2012 axxvi,695p. ;c23 cm. aData communications and network management overview aReview of information network and technology aNetwork management tools systems and engineering